书目信息 |
| 题名: |
凋谢的花朵
|
|
| 作者: | Sugin , 韩素音 著 ;殷书训 译 | |
| 分册: | ||
| 出版信息: | 北京 三联书店 1982 |
|
| 页数: | 303页 | |
| 开本: | 18cm | |
| 丛书名: | ||
| 单 册: | ||
| 中图分类: | K835.615.6 | |
| 科图分类: | ||
| 主题词: | ||
| 电子资源: | ||
| ISBN: | ||
| 000 | 00796nam0 2200277 45 | |
| 001 | 0182000791 | |
| 005 | 20070731081056.92 | |
| 010 | @dCNY0.76 | |
| 091 | @a11002.602 | |
| 100 | @a19950517d1982 em y0chiy0121 ea | |
| 101 | 1 | @achi@ceng |
| 102 | @aCN@b110000 | |
| 105 | @ac z 000ya | |
| 200 | 10 | @a凋谢的花朵@Adiao xie de hua duo@e1928-1938@f(英)韩素音(HanSugin)著@g殷书训译 |
| 210 | @a北京@c三联书店@d1982 | |
| 215 | @a303页@c照片@d18cm | |
| 300 | @a书名原文:A mortal flower. | |
| 510 | 1 | @aA mortal flower.@zeng |
| 600 | 0 | @a韩素音@x回忆录 |
| 690 | @aK835.615.6@v3 | |
| 701 | A1 | @aSugin@bH.@4著 |
| 701 | 1 | @a韩素音@Ahan su yin@4著 |
| 702 | 0 | @a殷书训@Ayin shu xun@4译 |
| 801 | 0 | @aCN@b上海图书馆@c20070731 |
| 801 | 2 | @aCN@bNLC@c20060820 |
| 905 | @f1@b154720@dK835.615.6@e134 | |
| 凋谢的花朵:1928-1938/(英)韩素音(HanSugin)著/殷书训译.-北京:三联书店,1982 |
| 303页:照片;18cm |
| 书名原文:A mortal flower. |
| ISBN :CNY0.76 |
| ● |
| 相关链接 |
|
|
|
|
正题名:凋谢的花朵
索取号:K835.615.6/134
 
预约/预借
| 序号 | 登录号 | 条形码 | 馆藏地/架位号 | 状态 | 备注 |
| 1 | 0154720 | 001886864 | 密集书库/ [索取号:K835.615.6/134] | 在馆 | |
| 2 | 0154721 | 001544092 | 第二样本阅览室/ [索取号:K835.615.6/134] | 在馆 | |
| 3 | 0444595 | 204445957 | 密集书库/ [索取号:K835.615.6/134] | 在馆 | |
| 4 | 0453061 | 204530613 | 密集书库/ [索取号:K835.615.6/134] | 在馆 | |
| 5 | 0467166 | 204671667 | 密集书库/ [索取号:K835.615.6/134] | 在馆 | |
| 6 | 0787549 | 207875496 | 密集书库/ [索取号:K835.615.6/134] | 在馆 |